01936nam a22002297a 450000500170000000800410001702000180005804000070007604100080008308200210009110000280011224500180014026000540015830000290021236500560024152011350029765000340143265000370146694200120150399900190151595201720153420260219091609.0220119b ||||| |||| 00| 0 eng d a9789389648478 cAL aeng 223a820.33bMENI aGautam S Mengle9255662 aIntersections aChennai:bWestland Publications Pvt. Ltd.,c2020. aiv,265 p.bPBc19x13 cm. 2Generala4529b311.22c₹d399.00e22%f22-12-2021 aIt’s been five years since the deadly Shivaji Park attack took five lives and changed those of countless others in Mumbai—among them, Assistant Police Inspector Uday Mhatre. In the thick of things that day, he is now battling depression and alcoholism. When a fire breaks out in a south Mumbai hotel, Mhatre—posted with a special squad—is the first to notice that a woman who was on the guest register is missing from the scene. Mhatre doggedly searches for her, but she appears to have vanished into thin air. Meanwhile, the woman, known in her murky circles as only Chhaya, is planning an attack even more devastating than the Shivaji Park strike. In another part of the city, Rohit, a teenager recovering from his mother’s violent suicide, gets more and more consumed by his forbidden romance with a junior college teacher. Mhatre, Chhaya and Rohit head inexorably towards their intertwined destinies, as the special squad races against time to unravel Chhaya’s deadly plan. Intersections is the story of three broken souls walking constantly intersecting paths—and none of them will end up where they want to be. aIndian English Fiction913669 aIndian English Literature913670 2ddccBK c221243d221243 00102ddc40708GENaALbALd2021-12-30eBiblios Book Point, Surathkal-575014g311.22l8o820.33 MENIp075223r2024-03-09 00:00:00s2023-07-28v399.00w2022-01-19yBK